V zámorskom balení je kľúčová bezpečnosť a ochrana proti korózii

Balenie pre exportné a zámorské prepravy je špecifickou obalovou kategóriou. Zásadný je správne navrhnutý obal s ohľadom na bezpečnosť prepravovaného tovaru. Zohľadniť je potrebné spôsob dopravy, požiadavky na ochranu tovaru alebo predpokladanú dobu zásielky v obale.

Guardado en:
Detalles Bibliográficos
Autor principal: Čapek, David
Formato: Capítulo de libro
Lenguaje:eslovaco
Materias:
Etiquetas: Agregar Etiqueta
Sin Etiquetas, Sea el primero en etiquetar este registro!

MARC

LEADER 00000naa a2200000 4500
001 0263121
005 20200625144051.4
041 0 |a slo 
044 |a CZ 
245 1 0 |a V zámorskom balení je kľúčová bezpečnosť a ochrana proti korózii  |c David Čapek 
520 |a Balenie pre exportné a zámorské prepravy je špecifickou obalovou kategóriou. Zásadný je správne navrhnutý obal s ohľadom na bezpečnosť prepravovaného tovaru. Zohľadniť je potrebné spôsob dopravy, požiadavky na ochranu tovaru alebo predpokladanú dobu zásielky v obale. 
610 2 0 |a balenie 
610 2 0 |a obaly 
610 2 0 |a tovar 
610 2 0 |a bezpečnosť 
610 2 0 |a doprava lodná 
610 2 0 |a doprava kontajnerová 
100 1 |a Čapek, David